Mapa general de ecosistemas de Colombia del año 1998: (Registro nro. 9041)

Detalles MARC
000 -CABECERA
Campo de control 01036nam a22002417a 4500
005 - FECHA Y HORA DE LA ULTIMA TRANSACCION
Campo de control 20180803165629.0
008 - ELEMENTOS DE LONGITUD FIJA—INFORMACION GENERAL
Campo de control 150122b1998 ck |||||r|||| 00| 0 spa d
040 ## - FUENTE DE CATALOGACIÓN
Agencia catalogadora original CO-BoIAVH
Agencia transcriptora CO-BoIAVH
041 ## - IDIOMA
Código de idioma para texto/pista de sonido o título separado Español
044 ## - PAÍS DE PUBLICACIÓN
País de publicación Colombia
090 ## - CLASIFICACIÓN LOCAL
Colección MC
100 1# - ASIENTO PRINCIPAL--NOMBRE PERSONAL
Nombre personal Etter R. Andrés
245 10 - MENCION DE TITULO
Título Mapa general de ecosistemas de Colombia del año 1998:
Parte restante del título Escala 1:2.000.000.
Medio físico [material cartográfico]
260 ## - PUBLICACION, DISTRIBUCION, ETC. (PIE DE IMPRENTA)
Lugar de publicación, distribución, etc. Bogotá:
Nombre del editor, distribuidor, etc. Instituto de Investigación de Recursos Biológicos Alexander von Humboldt,
Fecha de publicación, distribución, etc. 1998.
300 ## - DESCRIPCION FISICA
Extensión 1 mapa
Otros detalles físicos col.
Dimensiones 70 x 130 cm.
500 ## - NOTA GENERAL
Nota general Informe nacional sobre el estado de la biodiversidad 1998.<br/>Escala 1:2.000.000.
650 #4 - ASIENTO SECUNDARIO DE MATERIA - TERMINO TEMATICO
Término temático o nombre geográfico como elemento de entrada Ecosistemas
Subdivisión de forma Mapas.
Subdivisión geográfica Colombia
650 #4 - ASIENTO SECUNDARIO DE MATERIA - TERMINO TEMATICO
Término temático o nombre geográfico como elemento de entrada Biodiversidad
700 1# - ASIENTO SECUNDARIO - NOMBRE PERSONAL
Nombre personal Sarmiento, Armando
Término de relación editor
700 1# - ASIENTO SECUNDARIO - NOMBRE PERSONAL
Nombre personal Tobbler, Alexandr
Término de relación compiladora
773 0# - Item fuente:
Asiento principal Romero Ruz̕, Milton
Lugar, editorial y fecha de publicación Bogot:̀ Instituto de Investigacin̤ de Recursos Biolg̤icos Alexander von Humboldt; 2004.
Título Ecosistemas de la Cuenca del Orinoco colombiano /
942 ## - ELEMENTOS ADICIONALES (KOHA)
Sistema de clasificación Local
Tipo de ítem Mapa
Existencias
Withdrawn status Lost status Sistema de Clasificación Damaged status No para préstamo Colección Inventariado Ubicación Permanente Ubicación actual Fecha de adquisición Total Checkouts Número topográfico Inventario / Código de Barras Date last seen Ejemplar Price effective from Forma de adquisición Tipo de material
    Local       Inventariado 2017 Bogotá Bogotá 22/01/2015   MC- 038548 22/01/2015 Ej. 1 22/01/2015 Institucional Mapa